000 00508nam a2200157 a 4500
001 000028763
005 20200930055125.0
008 110412s19uu dr a 000 0 spa d
040 _aDO-SdBNP
_bspa
_cBNPHU
082 _axxx
_bC755c
110 1 _aConsejo Nacional de Drogas
_955756
245 1 0 _aCurso-taller :
_breducción de la demanda de alcohol y otras drogas en el área laboral.
260 _aSanto Domingo :
_bConsejo Nacional de Drogas,
_c[19--?].
300 _a29 p. :
_bil. ;
_c29 cm.
049 _aBNPD
999 _c28255
_d28255